Women's realities, women's choices : (Record no. 39114)
[ view plain ]
| 000 -LEADER | |
|---|---|
| fixed length control field | 00817cam a2200241 a 4500 |
| 001 - CONTROL NUMBER | |
| control field | 652059 |
| 005 - DATE AND TIME OF LATEST TRANSACTION | |
| control field | 20171218084358.0 |
| 008 - FIXED-LENGTH DATA ELEMENTS--GENERAL INFORMATION | |
| fixed length control field | 940330s1995 nyua b 001 0 eng |
| 010 ## - LIBRARY OF CONGRESS CONTROL NUMBER | |
| LC control number | 94013648 |
| 020 ## - INTERNATIONAL STANDARD BOOK NUMBER | |
| International Standard Book Number | 0195058836 (alk. paper) |
| 040 ## - CATALOGING SOURCE | |
| Original cataloging agency | DLC |
| Transcribing agency | DLC |
| Modifying agency | DLC |
| 041 ## - LANGUAGE CODE | |
| Language code of text/sound track or separate title | eng |
| 043 ## - GEOGRAPHIC AREA CODE | |
| Geographic area code | n-us--- |
| 080 ## - UNIVERSAL DECIMAL CLASSIFICATION NUMBER | |
| Universal Decimal Classification number | 305.40973 SHAL |
| 082 00 - DEWEY DECIMAL CLASSIFICATION NUMBER | |
| Classification number | 305.40973 SHAL |
| Edition number | 20 |
| 100 ## - Rafti | |
| Rafti | 50 |
| 101 ## - Shkurtesa | |
| Shkurtesa | SOC |
| 245 00 - TITLE STATEMENT | |
| Title | Women's realities, women's choices : |
| Statement of responsibility, etc | Hunter College Women's Studies Collective. |
| 504 ## - BIBLIOGRAPHY, ETC. NOTE | |
| Bibliography, etc | Includes bibliographical references and index. |
| 906 ## - LOCAL DATA ELEMENT F, LDF (RLIN) | |
| a | 7 |
| b | cbc |
| c | orignew |
| d | 1 |
| e | ocip |
| f | 19 |
| g | y-gencatlg |
| 942 ## - ADDED ENTRY ELEMENTS (KOHA) | |
| Source of classification or shelving scheme | |
| Item type | Books |
No items available.